000 00551nam a2200229Ia 4500
003 OSt
005 20220918201308.0
006 a|||||r|||| 00| 0
007 ta
008 220917b |||||||| |||| 00| 0 eng d
024 _a92,961
037 _cTextual
040 _aARTS
_cARTS
_beng
041 _2eng
_aeng
082 _aV1N14, G3 (=)
100 _aChurchill Winston S
245 0 _aWorld crisis
260 _c1933
650 _aHISTORY
942 _hV1N14, G3 (=)
_cTEXL
_2CC
999 _c216609
_d216609